00288nam a22001337a 4500003000400000020001800004082001200022100001600034245003500050250000800085260003300093300000800126650002000134SGT a9788180388927 a340,SIN aSINGH AVTAR aINTRODUCTION TO JURISPRUDENCE  a4TH aNEW DELHIbLEXIS NEXISc2015 a463 a JURISPRUDENCE